[Event "International Championship of Central Se"]
[Site "Paracin, hotel "]
[Date "2012.07.10"]
[Round "6.31"]
[White "Cvetanovic, Uros"]
[Black "Colovic, Zoran"]
[Result "1-0"]
[WhiteElo "2225"]
[BlackElo "2129"]
[PlyCount "73"]
[EventDate "2012.07.06"]

1. e4 c5 2. Nf3 Nc6 3. d4 cxd4 4. Nxd4 Nf6 5. Nc3 e5 6. Ndb5 d6 7. Bg5 a6 8.
Bxf6 gxf6 9. Na3 b5 10. Nd5 f5 11. Bd3 Be6 12. c4 Nd4 13. cxb5 Bxd5 14. exd5
Qa5+ 15. Kf1 axb5 16. Nc2 Nxc2 17. Qxc2 Bh6 18. Bxf5 Ke7 19. g3 Qb4 20. Kg2 Qc4
21. Bxh7 Qxd5+ 22. Be4 Rac8 23. Qe2 Qc4 24. Qf3 Qe6 25. Bf5 Qc4 26. Bxc8 Rxc8
27. Rhd1 e4 28. Qg4 Rc5 29. b3 Qc2 30. Re1 Re5 31. Re2 Qc6 32. a4 b4 33. a5 d5
34. a6 Rg5 35. Qh4 Kd7 36. a7 Rg8 37. a8=Q 1-0

[Event "International Championship of Central Se"]
[Site "Paracin, hotel "]
[Date "2012.07.10"]
[Round "6.32"]
[White "Dimic, Pavle"]
[Black "Desnica, Vladan"]
[Result "0-1"]
[WhiteElo "2116"]
[BlackElo "2225"]
[PlyCount "156"]
[EventDate "2012.07.06"]

1. d4 d5 2. Nf3 Nf6 3. c4 e6 4. Nc3 Be7 5. Bg5 h6 6. Bh4 O-O 7. e3 b6 8. Qb3
Bb7 9. Bxf6 Bxf6 10. cxd5 exd5 11. Rd1 c5 12. dxc5 Nd7 13. c6 Bxc6 14. Nd4 Bxd4
15. Rxd4 Nc5 16. Qd1 Ne6 17. Rd2 d4 18. exd4 Re8 19. d5 Nf4+ 20. Be2 Bd7 21.
Kf1 Nxg2 22. Rg1 Nf4 23. Bg4 f5 24. Bf3 Qc7 25. Rd4 Qe5 26. Rg3 Kh7 27. Qd2 g5
28. h4 gxh4 29. Rg1 Nh3 30. Rxh4 f4 31. Rh1 Ng5 32. Rxh6+ Kg7 33. Ne4 Nxf3 34.
Rh7+ Kg8 35. Rh8+ Qxh8 36. Rxh8+ Kxh8 37. Qc3+ Ne5 38. Nf6 Rad8 39. Nxe8 Rxe8
40. Qd4 f3 41. Qh4+ Kg7 42. Qg5+ Kf7 43. Qf4+ Kg6 44. Kg1 Bf5 45. Qa4 Bd7 46.
Qxa7 b5 47. Qd4 Kf5 48. Qh4 Rg8+ 49. Kf1 Re8 50. Kg1 Rc8 51. Qh7+ Kf4 52. Qh6+
Ke4 53. d6 Kd5 54. Qd2+ Kc5 55. b4+ Kc4 56. a3 Rg8+ 57. Kh1 Rg2 58. Qf4+ Kd5
59. Qd2+ Ke4 60. Qe1+ Kf5 61. Qb1+ Kf6 62. Qb2 Rg7 63. Qd4 Rg4 64. Qc3 Rc4 65.
Qd2 Rh4+ 66. Kg1 Bh3 67. d7 Bxd7 68. Qd6+ Kf5 69. Qf8+ Ke4 70. Qa8+ Bc6 71. Qd8
Rg4+ 72. Kf1 Bd5 73. Qe7 Bc4+ 74. Ke1 Kd3 75. Qd6+ Rd4 76. Qh6 Kc2 77. Qh7+ Bd3
78. Qc7+ Nc4 0-1

[Event "International Championship of Central Se"]
[Site "Paracin, hotel "]
[Date "2012.07.10"]
[Round "6.33"]
[White "Milovanovic, Srboljub"]
[Black "Banovic, Ivan"]
[Result "0-1"]
[WhiteElo "2217"]
[BlackElo "2072"]
[PlyCount "80"]
[EventDate "2012.07.06"]

1. d4 Nf6 2. c4 c5 3. d5 b5 4. cxb5 a6 5. bxa6 Bxa6 6. Nc3 d6 7. f4 g6 8. Nf3
Bg7 9. e4 Bxf1 10. Rxf1 Nfd7 11. Qe2 O-O 12. Kf2 Na6 13. Kg1 Nb6 14. Rd1 Nc7
15. Be3 Na4 16. Qc2 Nxc3 17. bxc3 Ra3 18. e5 Qa8 19. Bc1 Ra4 20. Qd3 Rxa2 21.
Rxa2 Qxa2 22. c4 Rb8 23. Rd2 Qa1 24. Rc2 Rb1 25. Qc3 Na6 26. Nd2 Qxc3 27. Rxc3
Ra1 28. Nb3 Ra4 29. exd6 exd6 30. Re3 Kf8 31. Re4 Nc7 32. Bd2 f5 33. Re3 Rxc4
34. Ba5 Nxd5 35. Rd3 Nxf4 36. Rxd6 Rc2 37. Bd2 Be5 38. Rd7 c4 39. Bb4+ Kg8 40.
Nd2 Bd4+ 0-1

[Event "International Championship of Central Se"]
[Site "Paracin, hotel "]
[Date "2012.07.10"]
[Round "6.34"]
[White "Ratkovic, Milovan"]
[Black "Debevec, Blaz"]
[Result "1-0"]
[WhiteElo "2214"]
[BlackElo "2083"]
[PlyCount "65"]
[EventDate "2012.07.06"]

1. d4 Nf6 2. Nf3 e6 3. c4 c5 4. d5 exd5 5. cxd5 d6 6. Nc3 g6 7. e4 Bg7 8. h3
O-O 9. Bd3 b5 10. Bxb5 Nxe4 11. Nxe4 Qa5+ 12. Nfd2 Qxb5 13. Nxd6 Qa6 14. N2c4
Nd7 15. O-O Ne5 16. Nxe5 Bxe5 17. Nxc8 Raxc8 18. Qf3 Rfe8 19. Rd1 Bd4 20. Rb1
Re5 21. Bf4 Re2 22. Be3 Rxb2 23. Rxb2 Bxb2 24. d6 Qa4 25. d7 Rd8 26. Bxc5 Bf6
27. Qd5 Qa5 28. Be3 Qc7 29. Bh6 Qe5 30. Qd2 Be7 31. Re1 Qc5 32. Qb2 Bf8 33. Re8
1-0

[Event "International Championship of Central Se"]
[Site "Paracin, hotel "]
[Date "2012.07.10"]
[Round "6.35"]
[White "Jovanovic, Aleksandar D"]
[Black "Thestrup, Sixten"]
[Result "1-0"]
[WhiteElo "2200"]
[BlackElo "2036"]
[PlyCount "49"]
[EventDate "2012.07.06"]

1. e4 d6 2. f4 Nf6 3. d3 g6 4. Nf3 Bg7 5. Be2 c6 6. Na3 b5 7. c3 a5 8. Nc2 Nbd7
9. a4 Ba6 10. Ng5 h6 11. Nh3 Nc5 12. axb5 Bxb5 13. Nd4 e5 14. Nxb5 cxb5 15. d4
exd4 16. Bxb5+ Kf8 17. e5 dxe5 18. fxe5 Nfe4 19. O-O Bxe5 20. Qf3 Ra7 21. b4
Nxc3 22. Rxa5 Re7 23. Ra8 Bb8 24. Bf4 Rc7 25. Bxc7 1-0

[Event "International Championship of Central Se"]
[Site "Paracin, hotel "]
[Date "2012.07.10"]
[Round "6.36"]
[White "Radovanovic, Nikola"]
[Black "Todorovic, Nenad I"]
[Result "1/2-1/2"]
[WhiteElo "2191"]
[BlackElo "2001"]
[PlyCount "27"]
[EventDate "2012.07.06"]

1. d4 d5 2. c4 e6 3. Nf3 c5 4. cxd5 exd5 5. Nc3 Nc6 6. Bf4 Nf6 7. e3 Bf5 8. Rc1
c4 9. Be2 Bb4 10. O-O Bxc3 11. bxc3 h6 12. Ne5 Qa5 13. Nxc6 bxc6 14. Qd2
1/2-1/2

[Event "International Championship of Central Se"]
[Site "Paracin, hotel "]
[Date "2012.07.10"]
[Round "6.37"]
[White "Kovacevic, Bozidar"]
[Black "Vucinic, Gojko"]
[Result "0-1"]
[WhiteElo "1915"]
[BlackElo "2150"]
[Annotator "Milojevic,Boban"]
[PlyCount "56"]
[EventDate "2012.07.06"]

1. e4 c5 2. c3 e6 3. d4 d5 4. e5 a6 5. Nf3 Bd7 6. dxc5 Bxc5 7. Bd3 Qb6 8. Qe2
Bb5 9. O-O Nc6 10. Nbd2 Bxd3 11. Qxd3 Qc7 12. Re1 Nge7 13. Nb3 Ba7 14. Be3 Bxe3
15. Qxe3 O-O 16. Nbd4 Rac8 17. b4 b5 18. h4 h6 19. g4 Nxd4 20. cxd4 Qc2 21. Qa3
Rfe8 22. Qxa6 Qb2 23. Rab1 Qc2 24. Qxb5 Qxa2 25. Rbc1 Rb8 26. Qd3 Rxb4 27. Ra1
Qc4 28. Ra3 Rc8 {... necitko} 0-1

[Event "International Championship of Central Se"]
[Site "Paracin, hotel "]
[Date "2012.07.10"]
[Round "6.38"]
[White "Jandric, Damjan"]
[Black "Pantelic, Sasa"]
[Result "0-1"]
[WhiteElo "2010"]
[BlackElo "2362"]
[PlyCount "68"]
[EventDate "2012.07.06"]

1. e4 c5 2. Nf3 d6 3. c3 Nf6 4. h3 e6 5. Bd3 Be7 6. Bc2 O-O 7. O-O b6 8. d4 Bb7
9. Re1 Re8 10. Nbd2 cxd4 11. cxd4 Nbd7 12. Nf1 Nf8 13. Ng3 Rc8 14. Be3 Qc7 15.
Rc1 Qb8 16. Qd3 Rc7 17. Bb1 Rec8 18. Rxc7 Rxc7 19. Rc1 Ng6 20. Rxc7 Qxc7 21. a3
d5 22. e5 Ne4 23. Nh5 Nf8 24. Nd2 Qc1+ 25. Nf1 Qxb2 26. f3 Nc3 27. Bc2 Qxa3 28.
Bd2 Na2 29. Qe2 Nb4 30. Bd1 Ba6 31. Qf2 Qa1 32. Qg3 Ng6 33. Nf6+ gxf6 34. exf6
Bf8 0-1

[Event "International Championship of Central Se"]
[Site "Paracin, hotel "]
[Date "2012.07.10"]
[Round "6.39"]
[White "Jovanovic, Bojan P"]
[Black "Kalinic, Dusan"]
[Result "1/2-1/2"]
[WhiteElo "2185"]
[BlackElo "2082"]
[PlyCount "40"]
[EventDate "2012.07.06"]

1. d4 Nf6 2. c4 e6 3. Nf3 b6 4. g3 Ba6 5. b3 Bb4+ 6. Bd2 Be7 7. Bg2 c6 8. O-O
O-O 9. Nc3 d5 10. cxd5 cxd5 11. Ne5 Nfd7 12. Nxd7 Nxd7 13. Re1 Nf6 14. Qb1 Rc8
15. a3 Qd7 16. Qb2 Rfd8 17. Bf3 Ne4 18. Rec1 Bf6 19. e3 Nxc3 20. Bxc3 Bd3
1/2-1/2

[Event "International Championship of Central Se"]
[Site "Paracin, hotel "]
[Date "2012.07.10"]
[Round "6.41"]
[White "Persson, Richard"]
[Black "Ristovich, Dmitar S"]
[Result "1-0"]
[WhiteElo "2193"]
[BlackElo "1916"]
[PlyCount "115"]
[EventDate "2012.07.06"]

1. e4 c5 2. Nf3 Nc6 3. d4 cxd4 4. Nxd4 g6 5. Nc3 Bg7 6. Be3 Nf6 7. Qd2 O-O 8.
f3 d5 9. Nxc6 bxc6 10. O-O-O Be6 11. Bh6 dxe4 12. Bxg7 Kxg7 13. Nxe4 Nxe4 14.
fxe4 Qxd2+ 15. Kxd2 Rfd8+ 16. Bd3 Rd4 17. Kc3 c5 18. b3 Kf6 19. Ba6 Rad8 20.
Rd3 Ke5 21. Re1 g5 22. a4 f6 23. a5 Bf7 24. Bb7 e6 25. a6 Bg6 26. Rf1 h5 27.
Rdf3 Rf8 28. Re1 Rf7 29. Rfe3 Rc7 30. R3e2 Be8 31. Ra1 Bg6 32. Ra5 h4 33. b4
Rxb4 34. Rxc5+ Rxc5+ 35. Kxb4 Rc7 36. c4 Be8 37. c5 g4 38. Rd2 Bd7 39. Rc2 Kd4
40. Rd2+ Ke5 41. Rd1 Kf4 42. Rf1+ Ke5 43. Rf2 Be8 44. Rd2 Bd7 45. Rd6 f5 46.
exf5 Kxf5 47. c6 Be8 48. Kc5 Kf6 49. Rd8 Ke7 50. Ra8 g3 51. hxg3 hxg3 52. Rxa7
Bxc6 53. Bxc6 Rxa7 54. Kb6 Rxa6+ 55. Kxa6 Kd6 56. Kb6 Ke5 57. Kc5 Kf4 58. Kd4
1-0

[Event "International Championship of Central Se"]
[Site "Paracin, hotel "]
[Date "2012.07.10"]
[Round "6.42"]
[White "Bejatovic, Bojana"]
[Black "Iliev, Dimitar"]
[Result "0-1"]
[WhiteElo "1941"]
[BlackElo "2137"]
[PlyCount "118"]
[EventDate "2012.07.06"]

1. d4 d6 2. Nf3 Nf6 3. Bf4 c6 4. Nbd2 Bg4 5. e4 Nbd7 6. Bd3 e5 7. Be3 Be7 8.
O-O O-O 9. h3 Bxf3 10. Nxf3 Re8 11. c3 Bf8 12. Qc2 h6 13. Rad1 Qc7 14. Nh4 g6
15. Qb3 Qb6 16. Qc2 Qc7 17. Qb3 d5 18. exd5 Nxd5 19. dxe5 Nxe5 20. Be4 Nxe3 21.
fxe3 Qb6 22. Kf2 Ng4+ 23. hxg4 Rxe4 24. Rd4 Qxb3 25. axb3 Rae8 26. Re1 Bc5 27.
Rxe4 Rxe4 28. Kf3 Re6 29. g3 Rf6+ 30. Ke2 Bd6 31. Rg1 Re6 32. Kf2 Bc5 33. Ng2
Kg7 34. Rh1 a5 35. Ra1 b6 36. Ra4 Kf6 37. Rf4+ Ke7 38. Kf3 Bd6 39. Rc4 Rf6+ 40.
Ke4 Bxg3 41. Nf4 Bxf4 42. exf4 Re6+ 43. Kf3 Rd6 44. Re4+ Kf6 45. Re2 Rd3+ 46.
Ke4 Rg3 47. Rh2 Rxg4 48. Rxh6 Rg2 49. Rh3 Rxb2 50. c4 a4 51. bxa4 Rb4 52. Rc3
Rxa4 53. Ke3 Kf5 54. Rb3 Rxc4 55. Rxb6 Re4+ 56. Kd3 c5 57. Rb5 Kxf4 58. Rxc5 f5
59. Rc6 g5 0-1

[Event "International Championship of Central Se"]
[Site "Paracin, hotel "]
[Date "2012.07.10"]
[Round "6.43"]
[White "Zarkovic, Mila"]
[Black "Tisma, Ivan"]
[Result "1/2-1/2"]
[WhiteElo "1996"]
[BlackElo "2134"]
[PlyCount "115"]
[EventDate "2012.07.06"]

1. e4 c5 2. Nf3 d6 3. d4 cxd4 4. Nxd4 Nf6 5. Nc3 a6 6. Bc4 b5 7. Bb3 Bg4 8. f3
Bd7 9. Be3 e6 10. Qd2 Be7 11. O-O-O Nc6 12. g4 Nxd4 13. Bxd4 a5 14. a4 b4 15.
Ne2 Bc6 16. Ng3 O-O 17. h4 Qe8 18. g5 Nd7 19. g6 Nc5 20. gxh7+ Kxh7 21. Rdg1
Nxb3+ 22. cxb3 f6 23. Ne2 e5 24. Be3 Qf7 25. Qd3 Rac8 26. Kb1 g6 27. h5 g5 28.
Ng3 Bd7 29. Rc1 Be6 30. Ka2 Qe8 31. Ka1 Qd7 32. Rhd1 Qb7 33. Ka2 Rfd8 34. Kb1
Bf8 35. Rxc8 Rxc8 36. Rc1 Rxc1+ 37. Bxc1 Be7 38. Be3 Qc6 39. Qb5 Qc8 40. Qd3 g4
41. fxg4 Bxg4 42. Bb6 Bf8 43. Bxa5 Qc5 44. Qc4 Qxc4 45. bxc4 b3 46. Bd8 Be6 47.
Bxf6 Bxc4 48. Kc1 Bh6+ 49. Kd1 Bf4 50. Nf5 d5 51. exd5 Bxd5 52. Ke2 Bf7 53. Kd3
Bxh5 54. Ke4 Be8 55. Bxe5 Bxe5 56. Kxe5 Bxa4 57. Kd4 Kg6 58. Nd6 1/2-1/2

[Event "International Championship of Central Se"]
[Site "Paracin, hotel "]
[Date "2012.07.10"]
[Round "6.44"]
[White "Filipovic, Tomislav S"]
[Black "Hadzi - Manev, Ljubomir"]
[Result "0-1"]
[WhiteElo "1865"]
[BlackElo "2089"]
[PlyCount "60"]
[EventDate "2012.07.06"]

1. Nf3 d5 2. d4 c5 3. e3 Nf6 4. Bd3 Nc6 5. c3 Bg4 6. Be2 e6 7. O-O Qc7 8. Nbd2
Bd6 9. h4 h6 10. Re1 g5 11. dxc5 Bxc5 12. hxg5 hxg5 13. Nf1 Bd6 14. g3 O-O-O
15. Nd4 Nxd4 16. exd4 Bxe2 17. Qxe2 Ne4 18. Qf3 f5 19. Qg2 g4 20. Nd2 Ng5 21.
Kf1 Rh3 22. Ke2 Rdh8 23. Kd1 Rh2 24. Qf1 Nh3 25. Kc2 Rxf2 26. Qd3 Ng5 27. Re2
Rxe2 28. Qxe2 Bxg3 29. Nf1 Ne4 30. Bd2 Bf2 0-1